000 00380nam a2200157 a 4500
001 2736
005 20140414132013.0
008 050927s19uu xx 00 eng d
020 _a0-590-45392-0
050 _aTR
_bB38 1985
100 _aFrank Asch
245 _aBear's bargain.
260 _aNew York :
_bScholastic,
_c1985.
300 _a1 v. p. : ill. ; cm.
999 _c113304
_d113304